Vplyv štrukturovaných produktov na diverzifikované portfólio investora bakalárska práca

Guardado en:
Detalles Bibliográficos
Autor principal: Gáliková, Vladislava
Autor Corporativo: Národohospodárska fakulta EU. Katedra financií
Otros Autores: Jančovičová Bognárová, Kristína, 1979-
Formato: Libro
Lenguaje:eslovaco
Publicado: Bratislava 2025
Etiquetas: Agregar Etiqueta
Sin Etiquetas, Sea el primero en etiquetar este registro!

MARC

LEADER 00000nbm a2200000 4500
001 0309213
005 20251015123922.8
041 0 |a slo 
044 |a SK 
245 1 0 |a Vplyv štrukturovaných produktov na diverzifikované portfólio investora  |b bakalárska práca  |c Vladislava Gáliková ; školiteľ: Kristína Jančovičová Bognárová 
264 1 |a Bratislava  |c 2025 
300 |a 47 s. 
100 1 |a Gáliková, Vladislava 
700 1 |a Jančovičová Bognárová, Kristína, 1979- 
710 2 |a Národohospodárska fakulta EU. Katedra financií